000 00815nam a22002177a 4500
005 20100726142925.0
010 _aENG-96822
020 _a9780198062462
_c345.00
020 _a019806246X
035 _aEN-80355
037 _bDBAD/PUB
082 _a181.41
245 _aThe oxford India Hinduism reader /
_cedited by Vasudha Dalmia [and] Heinrich Von Stietencron
260 _aNew Delhi
_boxford university press
_c2009
270 _aYMCA Library Building, Jai Singh Road
_e110001
300 _avi, 397 p
_c20 cm (pbk)
700 _aDalmia, Vasudha
_91501
700 _aStietencron, Heinrich Von
_91502
942 _2ddc
_cEN
_h181.41
_mOXF
999 _c37737
_d37737